Filmographie d'Emma Stone - Statistiques

Statistiques générales
  • Ce quiz a été pris 25 fois
  • Le résultat moyen est 7 sur 25
Statistiques - réponses
Années 2000 % Correct
La La Land
96%
The Amazing Spider-Man
83%
Pauvres Créatures (Poor Things)
65%
The Amazing Spider-Man : Le Destin d'un héros (The Amazing Spider-Man 2)
61%
Crazy, Stupid, Love
48%
La Favorite (The Favorite)
43%
Bienvenue a Zombieland (Zombieland)
39%
Easy Girl (Easy A)
39%
Birdman
30%
Cruella
30%
Gangster Squad
30%
Retour à Zombieland (Zombieland : Double Tap)
30%
La Couleur des sentiments (The Help)
26%
SuperGrave (Superbad)
22%
Sexe entre amis (Friends with Benefits)
17%
Welcome Back (Aloha)
17%
Magic in the Moonlight
13%
Super blonde (The House Bunny)
13%
Battle of the Sexes
9%
The Rocker
9%
Hanté par ses ex (Ghosts of Girlfriends Past)
4%
My Movie Project (Movie 43)
4%
L'Homme irrationnel (Irrationnal Man)
0%
Paper Man
0%
Popstar : Célèbre à tout prix (Popstar: Never Stop Never Stopping)
0%
Aucun quiz correspondant
Distribution des résultats
% des personnes avec chaque résultat
Percentile par nombre de réponses
Votre historique - résultats
Vous n’avez pas pris ce quiz